Mohammad Iqbal, poet and philosopher: (Record no. 81516)
[ view plain ]
| 000 -LEADER | |
|---|---|
| fixed length control field | 01004cam a22002771 4500 |
| 001 - CONTROL NUMBER | |
| control field | sa 68006771 |
| 003 - CONTROL NUMBER IDENTIFIER | |
| control field | DLC |
| 005 - DATE AND TIME OF LATEST TRANSACTION | |
| control field | 20260227112519.0 |
| 008 - FIXED-LENGTH DATA ELEMENTS--GENERAL INFORMATION | |
| fixed length control field | 710915s1960 pk ch b 000 0beng |
| 010 ## - LIBRARY OF CONGRESS CONTROL NUMBER | |
| LC control number | sa 68006771 |
| 040 ## - CATALOGING SOURCE | |
| Original cataloging agency | DLC |
| Transcribing agency | DLC |
| Modifying agency | DLC |
| 041 1# - LANGUAGE CODE | |
| Language code of text/sound track or separate title | enggerperurd |
| 050 00 - LIBRARY OF CONGRESS CALL NUMBER | |
| Classification number | PK2199.I65 |
| Item number | Z7935 |
| 245 00 - TITLE STATEMENT | |
| Title | Mohammad Iqbal, poet and philosopher: |
| Remainder of title | a collection of translations, essays and other articles, |
| Statement of responsibility, etc. | presented by the Pakistan-German Forum. |
| 250 ## - EDITION STATEMENT | |
| Edition statement | [1st ed.] |
| 260 ## - PUBLICATION, DISTRIBUTION, ETC. | |
| Place of publication, distribution, etc. | Karachi |
| Date of publication, distribution, etc. | [1960] |
| 300 ## - PHYSICAL DESCRIPTION | |
| Extent | iii, 142, iii p. |
| Other physical details | facsims., port. |
| Dimensions | 23 cm. |
| 500 ## - GENERAL NOTE | |
| General note | English, German, Persian and Urdu. |
| 500 ## - GENERAL NOTE | |
| General note | Includes essays by and about Iqbal, translated by Annemarie Schimmel, Mumtaz Hasan and others. |
| 504 ## - BIBLIOGRAPHY, ETC. NOTE | |
| Bibliography, etc. note | Bibliography: p. 140-142. |
| 600 10 - SUBJECT ADDED ENTRY--PERSONAL NAME | |
| Personal name | Iqbal, Muhammad, |
| Titles and other words associated with a name | Sir, |
| Dates associated with a name | 1877-1938. |
| 700 1# - ADDED ENTRY--PERSONAL NAME | |
| Personal name | Iqbal, Muhammad, |
| Titles and other words associated with a name | Sir, |
| Dates associated with a name | 1877-1938. |
| 700 1# - ADDED ENTRY--PERSONAL NAME | |
| Personal name | Schimmel, Annemarie, |
| Dates associated with a name | 1922-2003, |
| Relator term | tr. |
| 700 1# - ADDED ENTRY--PERSONAL NAME | |
| Personal name | Hasan, Mumtaz, |
| Relator term | tr. |
| 710 2# - ADDED ENTRY--CORPORATE NAME | |
| Corporate name or jurisdiction name as entry element | Pakistan-German Forum. |
No items available.